00615nam a2200169Ia 450000500170000000800410001702000180005808200190007610000130009524500390010826000410014730000120018850001290020094200060032995200950033599900150043020250220011409.0240331s9999 xx 000 0 und d a9879558564165 bNAD26753a923 aNadan, S 0aIlaignar Talapathi Ira. Sivalingam aColombobColombo Tamil Sanngamc2010 a132 p., aA book about Ira Sivalingam, who was known as Ilaignar Talapathi, was a teacher who taught the Malayaha people of Sri Lanka. cL 001040708LaWERCLbWERCLcSSCd2024-03-31l0o 923 NAAp6753r2024-03-31w2024-03-31yL c5745d5745